| 000 | 00668nam a2200241Ia 4500 | ||
|---|---|---|---|
| 003 | OSt | ||
| 005 | 20221005050554.0 | ||
| 006 | a|||||r|||| 00| 0 | ||
| 007 | ta | ||
| 008 | 221004b |||||||| |||| 00| 0 urd d | ||
| 024 | _a8304 | ||
| 037 |
_bGift, 02/01/2014, _cTextual |
||
| 040 |
_aCRL _cCRL _burd |
||
| 041 |
_2urd _aurd |
||
| 082 | _aO168,6x, Q3 | ||
| 100 |
_aFarooqi Tehseen Au. _9594915 |
||
| 245 | 0 | _aSahifa | |
| 260 |
_aLahore _bMajlis e Taraqi Adab Pakistan _c2013 |
||
| 300 |
_a156p. _ccm. |
||
| 650 |
_aURDU PROSE _926866 |
||
| 942 |
_hO168,6x, Q3 _cTEXL _2cc |
||
| 999 |
_c957315 _d957315 |
||